25 plus grandes villes du Royaume-Uni - Statistiques

Statistiques générales
  • Ce quiz a été pris 81 fois
  • Le résultat moyen est 14 sur 25
Statistiques - réponses
Hint Réponse % Correct
8 799 728 Londres
100%
579 917 Manchester
97%
503 740 Liverpool
96%
1 166 049 Birmingham
89%
523 250 Edimbourg
89%
631 970 Glasgow
85%
383 536 Cardiff
81%
829 413 Leeds
81%
311 976 Newcastle
74%
350 533 Belfast
73%
273 400 Brighton
65%
432 500 Bristol
62%
253 651 Southampton
58%
373 399 Leicester
57%
303 900 Nottingham
51%
563 749 Sheffield
49%
258 700 Plymouth
36%
228 420 Aberdeen
35%
245 500 Swansea
32%
329 810 Coventry
28%
248 700 Derby
19%
437 800 Bradford
15%
231 028 Luton
12%
260 200 Kingston-upon-Hull
5%
239 700 Stoke-on-Trent
4%
Aucun quiz correspondant
Distribution des résultats
% des personnes avec chaque résultat
Percentile par nombre de réponses
Votre historique - résultats
Vous n’avez pas pris ce quiz